000 00354nam a2200145Ia 4500
008 090124s9999 xx 000 0 und d
082 _b203231
245 _a इंद न मम
250 _a1
260 _bभागवत अनु
_c1986
300 _a127
630 _a इंद न मम
730 _a इंद न मम
942 _cBOOK
999 _c184812
_d184812